000170536 001__ 170536
000170536 005__ 20260429150227.0
000170536 037__ $$aTAZ-TFM-2026-017
000170536 041__ $$aspa
000170536 1001_ $$aDean Casado, Daniel
000170536 24200 $$aComparative study on the sizing of combustible dust vent panels in process equipment according to EN 14491 and NFPA 68 standards
000170536 24500 $$aEstudio comparativo del dimensionamiento de paneles de venteo de explosión de polvo combustible en equipos de proceso atendiendo a las normas EN 14491 y NFPA 68
000170536 260__ $$aZaragoza$$bUniversidad de Zaragoza$$c2026
000170536 500__ $$aCon la colaboración de la empresa DEKRA
000170536 506__ $$aby-nc-sa$$bCreative Commons$$c3.0$$uhttp://creativecommons.org/licenses/by-nc-sa/3.0/
000170536 520__ $$aLas explosiones de polvo representan un riesgo significativo en industrias que manejan sólidos combustibles. Aunque menos intuitivas que las explosiones de líquidos o gases, estas explosiones han causado accidentes graves desde el siglo XVIII, motivando el desarrollo de normas y estrategias de prevención y protección. El presente trabajo se centra en el dimensionamiento de paneles de venteo de explosión para equipos industriales críticos, como silos, filtros de mangas y elevadores de cangilones, atendiendo a la norma europea EN 14491:2012 y a la estadounidense NFPA 68 (2023). Se comparan las áreas de venteo calculadas para diferentes geometrías de silos y filtros de mangas, considerando la influencia de parámetros clave como la relación altura-diámetro (L/D), la presión reducida máxima de explosión (Pred.máx) y las propiedades del polvo (KSt y Pmáx). Los resultados muestran que, en general, la EN 14491 produce áreas de venteo mayores, reflejando un enfoque más conservador, mientras que la NFPA 68 permite ajustes más finos a las condiciones específicas del equipo.<br />
000170536 521__ $$aMáster Universitario en Ingeniería Química
000170536 540__ $$aDerechos regulados por licencia Creative Commons
000170536 691__ $$a7 9
000170536 692__ $$aContribución a la seguridad en las industrias de procesos
000170536 700__ $$aLacambra Abós, Javier$$edir.
000170536 7102_ $$aUniversidad de Zaragoza$$bIngeniería Química y Tecnologías del Medio Ambiente$$cIngeniería Química
000170536 7202_ $$aPeña Llorente, José Ángel$$eponente
000170536 8560_ $$f800445@unizar.es
000170536 8564_ $$s7721920$$uhttps://zaguan.unizar.es/record/170536/files/TAZ-TFM-2026-017.pdf$$yMemoria (spa)
000170536 909CO $$ooai:zaguan.unizar.es:170536$$pdriver$$ptrabajos-fin-master
000170536 950__ $$a
000170536 951__ $$adeposita:2026-04-29
000170536 980__ $$aTAZ$$bTFM$$cEINA
000170536 999__ $$a20260124000149.CREATION_DATE